000
00249nam a2200109Ia 4500
008
190911s9999||||xx |||||||||||||| ||und||
100
_a
Hull,M.E.C.
245
0
_a
Parallel Processing
260
_a
England
_b
Pearson
_c
1994
300
_a
328
942
_c
BK
999
_c
6650
_d
6650